Reading of the vessantara jataka (Record no. 993713)

MARC details
000 -LEADER
fixed length control field 00861nam a2200265Ia 4500
003 - CONTROL NUMBER IDENTIFIER
control field OSt
005 - DATE AND TIME OF LATEST TRANSACTION
control field 20221005085113.0
008 - FIXED-LENGTH DATA ELEMENTS--GENERAL INFORMATION
fixed length control field 221004b |||||||| |||| 00| 0 eng d
020 ## - INTERNATIONAL STANDARD BOOK NUMBER
International Standard Book Number 9780231160391 (pbk)
037 ## - SOURCE OF ACQUISITION
Terms of availability Textual
040 ## - CATALOGING SOURCE
Original cataloging agency CRL
Transcribing agency CRL
Language of cataloging eng
041 ## - LANGUAGE CODE
Source of code eng
Language code of text/sound track or separate title eng
100 ## - MAIN ENTRY--PERSONAL NAME
Personal name Collins Steven Ed.
9 (RLIN) 33502
245 #0 - TITLE STATEMENT
Title Reading of the vessantara jataka
260 ## - PUBLICATION, DISTRIBUTION, ETC.
Place of publication, distribution, etc. New York
Name of publisher, distributor, etc. Columbia University Press USA
Date of publication, distribution, etc. 2016
300 ## - PHYSICAL DESCRIPTION
Extent viii,216p.
Dimensions cm.
490 ## - SERIES STATEMENT
Series statement Columbia readings of buddhist literature
650 ## - SUBJECT ADDED ENTRY--TOPICAL TERM
Topical term or geographic name entry element BUDDHISM - JATAKA
942 ## - ADDED ENTRY ELEMENTS (KOHA)
Classification part Q41:22522, Q6
Koha item type Textual
Source of classification or shelving scheme
Holdings
Withdrawn status Lost status Damaged status Not for loan Home library Current library Date acquired Source of acquisition Total Checkouts Full call number Barcode Date due Date last seen Date last checked out Price effective from Koha item type
        Central Library Arts Library 2022-10-05 8190, 14/09/2017, Efficient Book Distributors 1 Q41:22522 Q6 CL1648282 2026-04-05 2026-03-06 2026-03-06 2022-10-05 Textual
Copyright @ Delhi University Library System